Gaming Quiz

Random Gaming Quiz

Etrian Odyssey Monsters Quiz Stats

 Plays Quiz not verified by Sporcle

Also try: Games by T-Shirt
Challenge
Share
Tweet
Embed
Score 0/131 Timer 17:00
0 Plays Today
Type Monster % Correct
StandardMole
90.5%
BossFenrir
83.3%
Super BossGolem
83.3%
StandardTreerat
81%
StandardWoodfly
81%
FOERagelope
81%
FOEWolf
81%
StandardRoller
78.6%
Boss MinionSkoll
78.6%
Final BossEtreant
78.6%
Super BossAlraune
78.6%
Super BossDrake
78.6%
Super BossDragon
78.6%
StandardVenomfly
76.2%
StandardPetaloid
76.2%
StandardMuskoid
76.2%
FOEMoa
76.2%
BossRoyalant
76.2%
BossRen
76.2%
Super BossWyvern
76.2%
Super BossManticor
76.2%
Super BossWyrm
76.2%
Final Super BossPrimevil
76.2%
StandardVenomgel
73.8%
StandardHexfrog
73.8%
StandardFlamerat
73.8%
FOEDiabolix
73.8%
Strong FOEStalker
73.8%
StandardMandrake
71.4%
StandardWarbull
71.4%
StandardSleepgel
71.4%
StandardFirebird
71.4%
StandardGuardant
71.4%
StandardGoldeer
71.4%
StandardHexroot
71.4%
StandardWarrior
71.4%
StandardIroncrab
71.4%
FOECutter
71.4%
FOEDesouler
71.4%
FOEKingdile
71.4%
FOEWyrmoid
71.4%
FOEDrakoid
71.4%
FOEDragoid
71.4%
Strong FOEOgre
71.4%
Type Monster % Correct
Strong FOEDinolich
71.4%
Strong FOETeralich
71.4%
Boss MinionCuroller
71.4%
BossCernunos
71.4%
BossIwaopeln
71.4%
StandardEviloid
69%
StandardScorpion
69%
StandardGlowbird
69%
StandardTreefrog
69%
StandardDruid
69%
StandardFaerie
69%
StandardHellfly
69%
StandardRed Cell
69%
FOEAssassin
69%
FOEBloodant
69%
FOEServant
69%
FOECruella
69%
FOESongbird
69%
Strong FOEMuckdile
69%
Strong FOEHunter
69%
BossCotrangl
69%
StandardClawbug
66.7%
StandardHare
66.7%
StandardWaspior
66.7%
StandardFangleaf
66.7%
StandardSloth
66.7%
StandardManeater
66.7%
StandardSprout
66.7%
StandardDeathant
66.7%
StandardSworder
66.7%
StandardMantis
66.7%
StandardSabremaw
66.7%
StandardPixie
66.7%
StandardDarkhare
66.7%
StandardBurstgel
66.7%
StandardHellbull
66.7%
StandardHazefly
66.7%
StandardClover
66.7%
FOEShellord
66.7%
Strong FOEArmoth
66.7%
BossTlachtga
66.7%
StandardMadworm
64.3%
StandardWoodbat
64.3%
StandardMeltworm
64.3%
Type Monster % Correct
StandardRedclaw
64.3%
StandardSoldier
64.3%
StandardImmoa
64.3%
StandardMaul
64.3%
StandardDirewolf
64.3%
StandardClawlord
64.3%
StandardArmoroll
64.3%
StandardMonocyte
64.3%
StandardEvilroot
64.3%
QuestToxinfly
64.3%
FOEKuyutha
64.3%
FOESickwood
64.3%
FOEBud
64.3%
Strong FOETreetusk
64.3%
StandardFender
61.9%
StandardClawfly
61.9%
StandardSpider
61.9%
StandardStingmaw
61.9%
StandardMoriyana
61.9%
StandardVampbat
61.9%
StandardCutcrab
61.9%
StandardMystic
61.9%
StandardRedbeak
61.9%
StandardKingapis
61.9%
StandardKingyana
61.9%
StandardFlamegel
61.9%
StandardBlader
61.9%
StandardLargeant
61.9%
StandardMetalion
61.9%
StandardLucifird
61.9%
QuestPondclaw
61.9%
QuestNightoad
61.9%
QuestHextoad
61.9%
QuestSteelweb
61.9%
FOEMacabre
61.9%
StandardKingfrog
59.5%
QuestFireater
59.5%
FOEKillclaw
59.5%
Strong FOEShelltor
59.5%
StandardSilker
57.1%
QuestOmnivore
57.1%
StandardVaraha
54.8%
StandardRockwood
52.4%

You're not logged in!

Compare scores with friends on all Sporcle quizzes.
Join for Free
OR
Log In

You Might Also Like...

Show Comments

Extras

Created Sep 11, 2014ReportNominate
Tags:enemy, monster

Top Quizzes Today


Score Distribution

Your Account Isn't Verified!

In order to create a playlist on Sporcle, you need to verify the email address you used during registration. Go to your Sporcle Settings to finish the process.

Report this User

Report this user for behavior that violates our Community Guidelines.

Details: